01744nam a22003497a 4500003000400000005001700004008004100021020001800062040001400080041000800094043001200102084001200114100002600126245010900152250002300261264005300284300006400337336002900401337003300430338002800463520041300491521006800904545004200972650006601014650004601080650005401126650003801180650004601218700004201264700002901306830005901335OSt20251105151441.0251105b ||||| |||| 00| 0 spa d a9786289664713 cCO-Mq BPB0 aspa as-ck--- aCbCABt aCaballero, Pedroeaut13aEl Tití y el Mojojoy /cPedro Caballero y Carlos Rodríguez ; ilustraciones de Manuela Correa Upegui. aEdición especial 1aBogotá, Colombia :bCiencia Magnética,c2024 a31 páginas :bilustraciones a color, tapa rustica;c24 cm atextobtxt2rdacontenido asin mediaciónbn2rdamedio avolumenbnc2rdasoporte aEn la reunión anual de animales de la selva hay un gran ausente. Se trata del Mojojoy. El mico Tití es comisionado para que averigüe por qué su compañero no asistió. La búsqueda lo llevará a descubrir una verdad aún más preocupante: alguien está alterando el equilibrio que mantiene la vida en el bosqueuhttps://www.buscalibre.com.co/libro-el-titi-y-el-mojojoy/9786289559866/p/62068938 aRecomendado para un público infantil a partir de los 6 años aIncluye datos biográficos del autor07aConservación de la agrobiodiversidad en la literatura2lemb04aCuentos infantiles colombianosySiglo XXI07aDivulgación científica en la literatura2lemb07aEcología en la literatura2lemb04aLiteratura infantil colombianaySiglo XXI aCorrea Upegui, Manuela,d1981- ,eill aRodríguez, Carloseaut aPlan Nacional de lectura y escritura leer es mi cuento